[Event "Ruhrgebiet Verbandsklasse Gruppe 1 1415"]
[Site "Germany"]
[Date "2014.11.16"]
[Round "3"]
[White "Boecker, Juergen"]
[Black "Eckert, Marius"]
[Result "1/2-1/2"]
[WhiteElo "1788"]
[BlackElo "1886"]
[PlyCount "96"]
[EventDate "2014.09.21"]
[EventType "team-tourn"]
[EventRounds "9"]
[EventCountry "GER"]
[SourceTitle "EXT 2022"]
[Source "ChessBase"]
[SourceDate "2021.10.06"]
[SourceVersion "1"]
[SourceVersionDate "2021.10.06"]
[SourceQuality "1"]
[WhiteTeam "Oberhausen SW"]
[BlackTeam "Waltrop SV"]
[WhiteTeamCountry "GER"]
[BlackTeamCountry "GER"]

1. e4 e5 2. Nf3 Nc6 3. d4 exd4 4. Bc4 Nf6 5. e5 d5 6. Bb5 Ne4 7. Nxd4 Bd7 8. Bxc6 bxc6 9. 0-0 Be7 10. f4 0-0 11. f5 c5 12. Ne2 c6 13. Nd2 Nxd2 14. Qxd2 Re8 15. Qf4 Bf8 16. Ng3 Qc7 17. Re1 Rab8 18. a3 c4 19. Kh1 Bd6 20. Nh5 Bxe5 21. Qg5 Qd6 22. Bf4 Bf6 23. Nxf6+ Qxf6 24. Qxf6 gxf6 25. Bxb8 Rxb8 26. g4 Rxb2 27. Rab1 Rxb1 28. Rxb1 Kf8 29. Rb7 Ke7 30. Kg2 c5 31. Kf2 Kd6 32. Rxa7 d4 33. Ke2 h5 34. h3 hxg4 35. hxg4 Ke7 36. a4 Kd6 37. a5 Ba4 38. Kd2 c3+ 39. Kc1 c4 40. Rxf7 d3 41. a6 Bxc2 42. Rxf6+ Kc5 43. Rh6 Bb3 44. Rh2 Kd4 45. a7 Ke3 46. Rh3+ Ke2 47. Rh2+ Ke3 48. Rh3+ Ke2 1/2-1/2

[Event "Ruhrgebiet Verbandsklasse Gruppe 1 1415"]
[Site "Germany"]
[Date "2014.10.19"]
[Round "2"]
[White "Eckert, Marius"]
[Black "Rempe, Moritz"]
[Result "1/2-1/2"]
[WhiteElo "1886"]
[BlackElo "1872"]
[PlyCount "68"]
[EventDate "2014.09.21"]
[EventType "team-tourn"]
[EventRounds "9"]
[EventCountry "GER"]
[SourceTitle "EXT 2022"]
[Source "ChessBase"]
[SourceDate "2021.10.06"]
[SourceVersion "1"]
[SourceVersionDate "2021.10.06"]
[SourceQuality "1"]
[WhiteTeam "Waltrop SV"]
[BlackTeam "Bochum SG IV"]
[WhiteTeamCountry "GER"]
[BlackTeamCountry "GER"]

1. e4 e6 2. d4 d5 3. Nc3 Bb4 4. e5 c5 5. a3 Bxc3+ 6. bxc3 Ne7 7. Qg4 cxd4 8. cxd4 Qc7 9. Bb5+ Bd7 10. Bxd7+ Nxd7 11. Ne2 Qxc2 12. 0-0 0-0 13. Bg5 Qf5 14. Qg3 Nc6 15. Rab1 Nb6 16. Nf4 Nxd4 17. Bf6 g6 18. Rfe1 Nd7 19. Qh4 Nxf6 20. exf6 Rac8 21. Rxb7 Rc4 22. Qh6 Qxf6 23. Nh5 Ne2+ 24. Kf1 Qe5 25. Rxe2 Qxh5 26. Qxh5 gxh5 27. Rxa7 Rd8 28. Rd2 d4 29. Ke2 Rd5 30. a4 Rc3 31. Rd3 Rc6 32. Rg3+ Kf8 33. Rf3 f5 34. Rb3 Rd8 1/2-1/2

[Event "Ruhrgebiet VK1 1213"]
[Site "Nordrheinwestfalen"]
[Date "2013.01.13"]
[Round "1.3"]
[White "Eckert, Marius"]
[Black "Dewald, Christian"]
[Result "1/2-1/2"]
[WhiteElo "1878"]
[BlackElo "1873"]
[PlyCount "43"]
[EventDate "2012.09.02"]
[EventType "team-tourn"]
[EventRounds "9"]
[EventCountry "GER"]
[SourceTitle "EXT 2020"]
[Source "ChessBase"]
[SourceDate "2019.10.17"]
[SourceVersion "1"]
[SourceVersionDate "2019.10.17"]
[SourceQuality "1"]
[WhiteTeam "Waltrop SV"]
[BlackTeam "Buer Hassel"]
[WhiteTeamCountry "GER"]
[BlackTeamCountry "GER"]

1. e4 c5 2. Nf3 d6 3. d4 cxd4 4. Nxd4 Nf6 5. Nc3 a6 6. Bc4 e6 7. Bb3 b5 8. a3 Be7 9. Qf3 Qc7 10. 0-0 0-0 11. Qg3 Nc6 12. Be3 Na5 13. Rad1 Nxb3 14. Nxb3 Kh8 15. Rd2 Bb7 16. f3 Rac8 17. Rfd1 d5 18. Qxc7 Rxc7 19. exd5 Nxd5 20. Nxd5 Bxd5 21. Nd4 Bc5 22. Kf2 1/2-1/2